| 000 | 00441nam a2200181Ia 4500 | ||
|---|---|---|---|
| 008 | 230512s9999 xx 000 0 und d | ||
| 041 | _aeng | ||
| 082 | _a658.383 | ||
| 100 | _aRUFFIN R J / GREGORY P R | ||
| 245 | _aPRINCIPLES OF ECONOMICS (RUFFIN) | ||
| 250 | _a4 | ||
| 260 | _bSCOTT, FORESMAN SERIES IN MARKETING | ||
| 300 | _a851 | ||
| 365 | _b1010 | ||
| 500 | _aPaper Back | ||
| 520 | _aReference Copy | ||
| 650 | _aManagement | ||
| 999 |
_c397553 _d397553 |
||